[Event "DSM WK M 2012"]
[Site "Karlsruhe GER"]
[Date "2012.05.06"]
[Round "7"]
[White "Caliebe, Frauke"]
[Black "Boden, Talitha"]
[Result "1-0"]
[Termination "normal"]
[Board "6.3"]
[WhiteElo "944"]
[BlackElo "964"]
[WhiteTeam "Gymnasium Altenholz"]
[BlackTeam "Clemens-Winkler-Gymnasium Aue"]
[PlyCount "181"]
[EventCountry "GER"]
[EventRounds "7"]
[EventType "team-swiss"]
[EventDate "2012.05.03"]

1. d4 d5 2. c4 dxc4 3. Nc3 Nf6 4. Nf3 Nc6 5. e4 g6 6. Bxc4 e6 7. Bg5 Bg7 8. O-O
O-O 9. e5 Nb8 10. exf6 Bxf6 11. Bxf6 Qxf6 12. Re1 Nd7 13. Ne5 Nxe5 14. Rxe5 Re8
15. Qe2 b6 16. d5 Bd7 17. dxe6 Bxe6 18. Bxe6 fxe6 19. Nd5 Qf7 20. Ne3 Rad8 21.
Ng4 Qf4 22. Rxe6 Kf7 23. Rxe8 Rxe8 24. Qf3 Qxf3 25. gxf3 Re2 26. b3 Kg7 27. a4
Rb2 28. Rc1 c5 29. Rd1 h5 30. Rd7+ Kf8 31. Ne5 Rxb3 32. Rxa7 Kg8 33. Nxg6 Rxf3
34. Kg2 Rf6 35. Ne5 Re6 36. Nc4 Kf8 37. a5 bxa5 38. Rxa5 Rc6 39. Ne5 Rc8 40.
Nd7+ Ke7 41. Nxc5 Kf6 42. Ne4+ Kg6 43. Rc5 Re8 44. Rg5+ Kh6 45. Rxh5+ Kg6 46.
Rh4 Rb8 47. f4 Kf5 48. Nd6+ Ke6 49. Rh6+ Kd5 50. Kg3 Rb3+ 51. Kg4 Rb2 52. Kg5
Rg2+ 53. Kf5 Rf2 54. h4 Kd4 55. Re6 Rh2 56. Kg5 Rg2+ 57. Kh6 Rg4 58. Re4+ Kd5
59. f5 Rg1 60. Re6 Rh1 61. h5 Rh2 62. Nf7 Rf2 63. Kg6 Rg2+ 64. Kf6 Rh2 65. h6
Rh1 66. Kg7 Rg1+ 67. Rg6 Rh1 68. h7 Ke4 69. h8=Q Rxh8 70. Nxh8 Kxf5 71. Rd6 Ke5
72. Rd2 Ke4 73. Kf6 Ke3 74. Rd5 Ke4 75. Ke6 Kf4 76. Re5 Kf3 77. Kf5 Kg3 78. Re4
Kf3 79. Nf7 Kf2 80. Kf4 Kg2 81. Re3 Kf2 82. Nd6 Kf1 83. Kf3 Kg1 84. Re2 Kf1 85.
Ra2 Ke1 86. Ke3 Kd1 87. Kd3 Kc1 88. Rf2 Kb1 89. Kc3 Ka1 90. Kb3 Kb1 91. Rf1#
1-0

[Event "DSM WK M 2012"]
[Site "Karlsruhe GER"]
[Date "2012.05.06"]
[Round "7"]
[White "Münzner, Jasmin"]
[Black "Morsch, Rebecca"]
[Result "1-0"]
[Termination "normal"]
[Board "6.4"]
[WhiteElo "974"]
[BlackElo "800"]
[WhiteTeam "Clemens-Winkler-Gymnasium Aue"]
[BlackTeam "Gymnasium Altenholz"]
[PlyCount "73"]
[EventCountry "GER"]
[EventRounds "7"]
[EventType "team-swiss"]
[EventDate "2012.05.03"]

1. e4 c5 2. Nf3 d6 3. d4 cxd4 4. Nxd4 Nf6 5. Bd3 e6 6. Be3 Nbd7 7. c4 a6 8. b4
Ne5 9. Be2 Nxe4 10. Nd2 Nc3 11. Qc2 Nxe2 12. Kxe2 b6 13. Rhc1 Bb7 14. Kf1 Ng4
15. Qc3 Nxh2+ 16. Kg1 Qh4 17. f3 Be7 18. Nf1 a5 19. Nxh2 Bg5 20. Bxg5 Qxg5 21.
Rd1 O-O 22. Nb5 Qd8 23. Nxd6 Bc6 24. Nxf7 Qxd1+ 25. Rxd1 Rxf7 26. b5 Bb7 27.
Rd6 Re8 28. Rxb6 Rd7 29. Ng4 a4 30. Ne5 Rd1+ 31. Kf2 Bc8 32. Rc6 Bb7 33. Rc7
Kf8 34. Rxb7 Re7 35. Qb4 h6 36. Qxe7+ Kg8 37. Qxg7# 1-0

[Event "DSM WK M 2012"]
[Site "Karlsruhe GER"]
[Date "2012.05.06"]
[Round "7"]
[White "Polert, Annika"]
[Black "Schweiger, Yasmin"]
[Result "1-0"]
[Termination "normal"]
[Board "7.1"]
[WhiteElo "1806"]
[BlackElo "1038"]
[WhiteTeam "Gymnasium Harksheide"]
[BlackTeam "Gymnasium Neureut"]
[PlyCount "102"]
[WhiteFideId "24692328"]
[EventCountry "GER"]
[EventRounds "7"]
[EventType "team-swiss"]
[EventDate "2012.05.03"]

1. e4 c6 2. d4 d5 3. Nc3 dxe4 4. Nxe4 Bf5 5. Ng3 Bg6 6. h4 Nf6 7. h5 Be4 8. c4
h6 9. Nxe4 Nxe4 10. Nf3 e6 11. Qd3 Nf6 12. Bd2 c5 13. dxc5 Qxd3 14. Bxd3 Bxc5
15. b4 Be7 16. Rc1 O-O 17. c5 Rd8 18. Bc4 Nbd7 19. a3 Rac8 20. Bb3 Nb8 21. Bf4
Rd3 22. Nd2 Nc6 23. Ra1 Rcd8 24. Bc4 R3d4 25. Be3 Rg4 26. f3 Rxg2 27. Bf1 Rgxd2
28. Bxd2 Ne5 29. Be2 Rd5 30. f4 Nc6 31. Bf3 Rd3 32. Be2 Rd4 33. Rh3 Rd7 34. Rd1
Nd4 35. Bc3 Nc2+ 36. Kf2 Nxa3 37. Bxf6 Rxd1 38. Bxe7 Rd7 39. Rxa3 Rxe7 40. Rxa7
Rc7 41. Bd3 Kf8 42. Be4 Rd7 43. Rxb7 Rd2+ 44. Ke3 Rb2 45. b5 Rb3+ 46. Kd2 Rb4
47. c6 Rxe4 48. c7 Rd4+ 49. Kc3 Rc4+ 50. Kxc4 g6 51. c8=Q+ Kg7 1-0

[Event "DSM WK M 2012"]
[Site "Karlsruhe GER"]
[Date "2012.05.06"]
[Round "7"]
[White "Richter, Charlotte"]
[Black "Köhler, Inken"]
[Result "0-1"]
[Termination "normal"]
[Board "7.2"]
[WhiteElo "800"]
[BlackElo "1310"]
[WhiteTeam "Gymnasium Neureut"]
[BlackTeam "Gymnasium Harksheide"]
[PlyCount "74"]
[BlackFideId "12929301"]
[EventCountry "GER"]
[EventRounds "7"]
[EventType "team-swiss"]
[EventDate "2012.05.03"]

1. e4 e5 2. Nf3 Nc6 3. Bc4 Bc5 4. d3 Nf6 5. Nc3 d6 6. h3 O-O 7. O-O Be6 8. Bg5
Bxc4 9. dxc4 h6 10. Bh4 Nb8 11. Re1 Nbd7 12. Nh2 c6 13. Ng4 Qe7 14. b3 Qe6 15.
Ne3 Bd4 16. Qd2 Bxc3 17. Qxc3 Nxe4 18. Qd3 Ndc5 19. Qd1 Qg6 20. Qf3 f5 21. Rad1
Nc3 22. Ra1 f4 23. Ng4 Qxc2 24. Be7 e4 25. Bxf8 exf3 26. Bxd6 Nd3 27. Re7 Ne2+
28. Kf1 fxg2+ 29. Kxg2 f3+ 30. Kxf3 Nd4+ 31. Kg2 h5 32. Nh6+ gxh6 33. Rf1 Kh8
34. Be5+ Nxe5 35. Rxe5 Rg8+ 36. Kh1 Qg6 37. Re3 Qg2# 0-1

[Event "DSM WK M 2012"]
[Site "Karlsruhe GER"]
[Date "2012.05.06"]
[Round "7"]
[White "Hackbarth, Rieke Marie"]
[Black "Fotler, Diana"]
[Result "0-1"]
[Termination "normal"]
[Board "7.3"]
[WhiteElo "800"]
[BlackElo "800"]
[WhiteTeam "Gymnasium Harksheide"]
[BlackTeam "Gymnasium Neureut"]
[PlyCount "68"]
[EventCountry "GER"]
[EventRounds "7"]
[EventType "team-swiss"]
[EventDate "2012.05.03"]

1. e4 e5 2. Nf3 Nc6 3. Nc3 Nf6 4. Bc4 Bc5 5. d3 d6 6. h3 Be6 7. O-O Qd7 8. Na4
Nd4 9. Nxc5 dxc5 10. Bg5 O-O-O 11. Nxe5 Qe8 12. c3 Nb5 13. a4 Nd6 14. Qf3 Qe7
15. Bb5 h6 16. Bxf6 gxf6 17. d4 fxe5 18. dxe5 Nc4 19. Qe2 Nxe5 20. a5 a6 21.
Ba4 Bc4 22. Qe1 Bxf1 23. Qxf1 Rd2 24. Rb1 Nd3 25. Bd1 Qf6 26. Bg4+ Kb8 27. g3
Rxf2 28. Be2 Rxf1+ 29. Bxf1 Qf3 30. Bxd3 Qxd3 31. e5 Qxb1+ 32. Kg2 Qc2+ 33. Kg1
Rd8 34. e6 Rd1# 0-1

[Event "DSM WK M 2012"]
[Site "Karlsruhe GER"]
[Date "2012.05.06"]
[Round "7"]
[White "Schweiger, Lauralie"]
[Black "Bahr, Hannah"]
[Result "1-0"]
[Termination "normal"]
[Board "7.4"]
[WhiteElo "830"]
[BlackElo "800"]
[WhiteTeam "Gymnasium Neureut"]
[BlackTeam "Gymnasium Harksheide"]
[PlyCount "63"]
[EventCountry "GER"]
[EventRounds "7"]
[EventType "team-swiss"]
[EventDate "2012.05.03"]

1. d4 d5 2. c4 h6 3. Nc3 Nf6 4. Bf4 e5 5. dxe5 Bb4 6. exf6 Qxf6 7. Bd2 O-O 8.
Nxd5 Qxb2 9. Nf3 c6 10. Bxb4 Nd7 11. Ne7+ Kh8 12. a3 Nf6 13. Ng6+ Kh7 14. Nxf8+
Kh8 15. Qb1 Qxb1+ 16. Rxb1 Bf5 17. Rd1 Rxf8 18. Bxf8 c5 19. Rd8 b5 20. cxb5 Nh7
21. Bxc5+ Nf8 22. Rxf8+ Kh7 23. Rxf7 Be6 24. Rxa7 h5 25. Ng5+ Kh6 26. Nxe6 g5
27. b6 g4 28. b7 h4 29. b8=Q g3 30. Qf8+ Kg6 31. Rg7+ Kh6 32. Qh8# 1-0

[Event "DSM WK M 2012"]
[Site "Karlsruhe GER"]
[Date "2012.05.06"]
[Round "7"]
[White "G., Diana"]
[Black "Wolff, Marie Antoinette"]
[Result "0-1"]
[Termination "normal"]
[Board "8.1"]
[WhiteElo "1026"]
[BlackElo "1144"]
[WhiteTeam "Charlotte-Paulsen-Gymnasium Hamburg"]
[BlackTeam "Louise-Henriette-Gymnasium Oranienburg"]
[PlyCount "86"]
[WhiteFideId "12964700"]
[BlackFideId "12908258"]
[EventCountry "GER"]
[EventRounds "7"]
[EventType "team-swiss"]
[EventDate "2012.05.03"]

1. e4 c5 2. Nf3 g6 3. d4 cxd4 4. Nxd4 Bg7 5. Be3 d6 6. Qd2 Bd7 7. Nc3 Nf6 8. f3
O-O 9. Bh6 Nc6 10. Nxc6 Bxc6 11. O-O-O a5 12. g4 a4 13. a3 Rb8 14. h4 b5 15. g5
Nd7 16. h5 b4 17. Nb1 bxa3 18. Re1 Bxb2+ 19. Kd1 Re8 20. Nc3 Ne5 21. Qd4 a2 22.
Ke2 a1=R 23. Rxa1 Bxa1 24. f4 Bxc3 25. Qxc3 Rb1 26. fxe5 dxe5 27. Qxc6 Qd1+ 28.
Kf2 Qe1+ 29. Kg2 Rd8 30. Kf3 Qd2 31. Qa6 Qf4+ 32. Kg2 Rd2+ 33. Be2 Qxe4+ 34.
Kg3 Qf4+ 35. Kg2 Qg4+ 36. Kf2 Qd4+ 37. Kf3 e4+ 38. Kg3 Rxh1 39. Qc8+ Qd8 40.
Qc3 Qd6+ 41. Kg4 Rg1+ 42. Kh4 Qh2+ 43. Qh3 Rxe2 0-1

[Event "DSM WK M 2012"]
[Site "Karlsruhe GER"]
[Date "2012.05.06"]
[Round "7"]
[White "Reiter, Nicole"]
[Black "Thimian, Jessica"]
[Result "0-1"]
[Termination "normal"]
[Board "8.3"]
[WhiteElo "794"]
[BlackElo "800"]
[WhiteTeam "Charlotte-Paulsen-Gymnasium Hamburg"]
[BlackTeam "Louise-Henriette-Gymnasium Oranienburg"]
[PlyCount "120"]
[WhiteFideId "16212126"]
[EventCountry "GER"]
[EventRounds "7"]
[EventType "team-swiss"]
[EventDate "2012.05.03"]

1. e4 e5 2. Nf3 Nc6 3. Bc4 Nh6 4. c3 d6 5. d4 Qe7 6. O-O Bg4 7. Be2 O-O-O 8.
Be3 d5 9. Nbd2 f5 10. Bg5 Qd7 11. Bxd8 Qxd8 12. exf5 e4 13. Ne5 Bxf5 14. Bg4
Ne7 15. f3 g6 16. fxe4 Bg7 17. exf5 gxf5 18. Bh3 Rf8 19. c4 c6 20. cxd5 cxd5
21. Rc1+ Kb8 22. Qb3 Qd6 23. Nd3 Bxd4+ 24. Nf2 Qf4 25. Rc2 Be5 26. g3 Qg5 27.
Nf3 Qf6 28. Nxe5 Qxe5 29. Qc3 d4 30. Qc5 Qxc5 31. Rxc5 a6 32. b4 Rc8 33. Rxc8+
Kxc8 34. Rc1+ Kb8 35. g4 f4 36. Rc4 Nc6 37. g5 Nf7 38. Bd7 Nfe5 39. g6 hxg6 40.
Rc5 Nxd7 41. Rd5 Kc7 42. h4 Nf6 43. Rg5 Ne7 44. a4 b6 45. Kg2 Nh7 46. Re5 Nc6
47. Re8 g5 48. hxg5 Nxg5 49. Rg8 Ne6 50. Ne4 Nxb4 51. Kf3 b5 52. Re8 Ng5+ 53.
Nxg5 bxa4 54. Re7+ Kb6 55. Re6+ Nc6 56. Kxf4 a3 57. Re2 d3 58. Ra2 Nb4 59. Rxa3
d2 60. Ra1 Nd3+ 0-1

[Event "DSM WK M 2012"]
[Site "Karlsruhe GER"]
[Date "2012.05.06"]
[Round "7"]
[White "Hallek, Sarah"]
[Black "Syla, Albetina"]
[Result "0-1"]
[Termination "normal"]
[Board "8.4"]
[WhiteElo "800"]
[BlackElo "800"]
[WhiteTeam "Louise-Henriette-Gymnasium Oranienburg"]
[BlackTeam "Charlotte-Paulsen-Gymnasium Hamburg"]
[PlyCount "104"]
[EventCountry "GER"]
[EventRounds "7"]
[EventType "team-swiss"]
[EventDate "2012.05.03"]

1. d4 d5 2. Nd2 Nf6 3. Ngf3 e6 4. e3 c5 5. Bb5+ Nbd7 6. Ne5 a6 7. Be2 Bd6 8.
Ndf3 Qc7 9. Nxd7 Bxd7 10. dxc5 Qxc5 11. Qd4 Qxc2 12. Bd3 Qc5 13. Ne5 Qxd4 14.
exd4 Bxe5 15. dxe5 Ng4 16. Bf4 O-O 17. O-O f6 18. exf6 Rxf6 19. g3 Raf8 20.
Rac1 h6 21. Be2 Bb5 22. Rce1 e5 23. f3 exf4 24. fxg4 f3 25. Bxb5 axb5 26. Rf2
d4 27. Rd1 Rd6 28. Rd3 Rf7 29. b4 Kf8 30. a3 Ke7 31. Kf1 Ke6 32. Ke1 Ke5 33.
Kd2 Ke4 34. Kc2 Rc6+ 35. Kd2 Rc3 36. Rxc3 dxc3+ 37. Kxc3 Rc7+ 38. Kd2 Rd7+ 39.
Ke1 Ke3 40. Rf1 Rc7 41. Kd1 f2 42. g5 hxg5 43. g4 Rc3 44. h4 Kf3 45. h5 Kg2 46.
Ke2 Rf3 47. h6 gxh6 48. a4 bxa4 49. b5 a3 50. b6 a2 51. Ra1 f1=Q+ 52. Kd2 Qxa1
0-1

[Event "DSM WK M 2012"]
[Site "Karlsruhe GER"]
[Date "2012.05.06"]
[Round "7"]
[White "Hörnschemeyer, Mara"]
[Black "Schimmelpfennig, Desirée"]
[Result "0-1"]
[Termination "normal"]
[Board "9.2"]
[WhiteElo "800"]
[BlackElo "939"]
[WhiteTeam "Freiherr-vom-Stein Gymnasium Hamm"]
[BlackTeam "Salier-Gymnasium Waiblingen"]
[PlyCount "82"]
[EventCountry "GER"]
[EventRounds "7"]
[EventType "team-swiss"]
[EventDate "2012.05.03"]

1. e4 e5 2. Nf3 Nc6 3. Bc4 Nf6 4. d3 Bc5 5. Nc3 O-O 6. Ng5 d6 7. Qf3 Bg4 8. Qg3
Nd4 9. f3 Nxc2+ 10. Kd1 Nxa1 11. fxg4 h6 12. Nf3 Qd7 13. g5 Nh5 14. Qh4 g6 15.
gxh6 Kh7 16. Nd5 f6 17. Bd2 c6 18. d4 exd4 19. Nf4 f5 20. Ng5+ Kxh6 21. Be6 Qe7
22. g3 Qxg5 23. Qh3 Qg4+ 24. Ne2+ g5 25. Qg2 Ng7 26. h4 Nxe6 27. hxg5+ Kg7 28.
Qh2 Rh8 29. Qg2 d3 30. Bc3+ Bd4 31. Re1 Nc2 32. Qf1 Nxe1 33. Qxe1 dxe2+ 34. Kd2
Bxc3+ 35. Kxc3 Qf3+ 36. Kd2 Qxe4 37. Kc3 Qd4+ 38. Kc2 Qe3 39. g4 Nd4+ 40. Kb1
Qd3+ 41. Kc1 Qc2# 0-1

[Event "DSM WK M 2012"]
[Site "Karlsruhe GER"]
[Date "2012.05.06"]
[Round "7"]
[White "Pankonin, Tabea"]
[Black "Kowalski, Rebecca"]
[Result "1-0"]
[Termination "normal"]
[Board "9.3"]
[WhiteElo "774"]
[BlackElo "800"]
[WhiteTeam "Salier-Gymnasium Waiblingen"]
[BlackTeam "Freiherr-vom-Stein Gymnasium Hamm"]
[PlyCount "159"]
[EventCountry "GER"]
[EventRounds "7"]
[EventType "team-swiss"]
[EventDate "2012.05.03"]

1. e4 e5 2. Nf3 Nf6 3. Nxe5 Bc5 4. d3 O-O 5. Be2 d6 6. Nc4 Be6 7. d4 Bb4+ 8. c3
Nxe4 9. O-O b5 10. cxb4 bxc4 11. Na3 d5 12. Bf3 Ng5 13. Bg4 Nc6 14. Bf4 Qf6 15.
Be3 Rae8 16. Be2 Qg6 17. Bg4 Ne4 18. Bh5 Qf5 19. Bg4 Qg6 20. Bh5 Qf5 21. b5 Nb4
22. h3 g6 23. Bg4 Qf6 24. Qf3 Bxg4 25. Qxf6 Nxf6 26. hxg4 Nxg4 27. Bd2 Nd3 28.
b6 cxb6 29. Nb5 Re4 30. f3 Re2 31. fxg4 Rxd2 32. b3 cxb3 33. axb3 a5 34. Nc7
Rb2 35. Nxd5 Rxb3 36. Ne7+ Kg7 37. Rf3 Re8 38. Re3 Kf6 39. Nd5+ Kg7 40. Rxe8
Nb2 41. Rb1 a4 42. Rb8 b5 43. Nb6 a3 44. Ra8 Rg3 45. d5 b4 46. Nc4 Nxc4 47.
Rxb4 Nd6 48. g5 Rxg5 49. Rxa3 Rxd5 50. Ra1 g5 51. Rbb1 f5 52. Ra7+ Kg6 53. Rb2
f4 54. Rb3 h5 55. Ra8 Kf5 56. Rf8+ Ke4 57. Rb4+ Rd4 58. Rxd4+ Kxd4 59. Rd8 Ke5
60. Rb8 h4 61. Rg8 Nf5 62. Rxg5 Ke4 63. Kh2 Ng3 64. Kh3 Ke3 65. Kxh4 Ne2 66.
Re5+ Kf2 67. Kg4 Ng3 68. Kxf4 Kxg2 69. Rg5 Kf2 70. Rxg3 Ke2 71. Ra3 Kd2 72. Rh3
Kc2 73. Rg3 Kd2 74. Ke4 Ke2 75. Rg2+ Kf1 76. Ra2 Ke1 77. Kd3 Kf1 78. Ke3 Kg1
79. Kf3 Kf1 80. Ra1# 1-0

[Event "DSM WK M 2012"]
[Site "Karlsruhe GER"]
[Date "2012.05.06"]
[Round "7"]
[White "Mewes, Melissa"]
[Black "Abed, Sarah"]
[Result "1-0"]
[Termination "normal"]
[Board "9.4"]
[WhiteElo "800"]
[BlackElo "800"]
[WhiteTeam "Freiherr-vom-Stein Gymnasium Hamm"]
[BlackTeam "Salier-Gymnasium Waiblingen"]
[PlyCount "51"]
[EventCountry "GER"]
[EventRounds "7"]
[EventType "team-swiss"]
[EventDate "2012.05.03"]

1. e4 e5 2. Nf3 Nc6 3. Bb5 a6 4. Bxc6 dxc6 5. O-O Nf6 6. Nxe5 Qe7 7. d4 Nxe4 8.
Qf3 Ng5 9. Qh5 g6 10. Qh4 f6 11. Re1 Bg7 12. Nf3 Nxf3+ 13. gxf3 Bf5 14. Rxe7+
Kxe7 15. Nc3 Bxc2 16. Bf4 g5 17. Qh5 gxf4 18. Re1+ Kd7 19. Qf7+ Kd6 20. Qxg7
Rhe8 21. Re7 Rxe7 22. Qg4 Re1+ 23. Kg2 c5 24. Qxf4+ Kc6 25. Qxf6+ Re6 26. Qxe6#
1-0

[Event "DSM WK M 2012"]
[Site "Karlsruhe GER"]
[Date "2012.05.06"]
[Round "7"]
[White "von der Heyde, Emma Lotte"]
[Black "Beier, Nina"]
[Result "0-1"]
[Termination "normal"]
[Board "10.1"]
[WhiteElo "800"]
[BlackElo "1579"]
[WhiteTeam "Schule an der Carbäk Broderstorf"]
[BlackTeam "Albertus-Magnus-Schule Viernheim"]
[PlyCount "74"]
[BlackFideId "24660434"]
[EventCountry "GER"]
[EventRounds "7"]
[EventType "team-swiss"]
[EventDate "2012.05.03"]

1. e4 e6 2. Nc3 c6 3. Bc4 d5 4. Bd3 Bc5 5. Nh3 Qf6 6. O-O Ne7 7. Na4 Nd7 8. Qe2
Ng6 9. a3 O-O 10. Rb1 b5 11. Nc3 d4 12. g4 dxc3 13. g5 Qe7 14. dxc3 e5 15. Be3
Qe6 16. Qf3 Bb6 17. b3 Nc5 18. Rbd1 Qxh3 19. Qe2 Nh4 20. f3 Nxd3 21. cxd3 Bxe3+
22. Kh1 Bf4 23. Rf2 f6 24. Rg1 fxg5 25. d4 Re8 26. c4 exd4 27. cxb5 cxb5 28. b4
a6 29. a4 bxa4 30. b5 axb5 31. e5 Rxe5 32. Qf1 Qxf1 33. Rgxf1 Bb7 34. Rg1 Nxf3
35. Rgg2 Re1+ 36. Rf1 Rxf1+ 37. Rg1 Rxg1# 0-1

[Event "DSM WK M 2012"]
[Site "Karlsruhe GER"]
[Date "2012.05.06"]
[Round "7"]
[White "Werner, Tanja"]
[Black "Basler, Alina"]
[Result "1-0"]
[Termination "normal"]
[Board "10.2"]
[WhiteElo "1153"]
[BlackElo "800"]
[WhiteTeam "Albertus-Magnus-Schule Viernheim"]
[BlackTeam "Schule an der Carbäk Broderstorf"]
[PlyCount "71"]
[EventCountry "GER"]
[EventRounds "7"]
[EventType "team-swiss"]
[EventDate "2012.05.03"]

1. e4 e5 2. Nf3 Nf6 3. Nc3 Nc6 4. Bb5 a6 5. Ba4 Rb8 6. d3 b5 7. Bb3 Bb4 8. Bd2
Bc5 9. h3 d6 10. O-O O-O 11. Bg5 h6 12. Be3 Ne7 13. Bxc5 dxc5 14. Nxe5 b4 15.
Ne2 Bd7 16. Nxd7 Nxd7 17. Bc4 g5 18. Bxa6 Ra8 19. Bc4 Ng6 20. Ng3 Nf4 21. Nf5
Ne5 22. Nxh6+ Kg7 23. Nf5+ Kh8 24. Ne3 Ra7 25. a3 Rxa3 26. bxa3 Qa8 27. axb4
Qd8 28. bxc5 Rg8 29. Ng4 Kg7 30. Nxe5 Rh8 31. Nxf7 Nxh3+ 32. gxh3 Qf8 33. Nxh8
Qxh8 34. Qf3 Qh6 35. Qf7+ Kh8 36. Qg8# 1-0

[Event "DSM WK M 2012"]
[Site "Karlsruhe GER"]
[Date "2012.05.06"]
[Round "7"]
[White "Führer, Anne"]
[Black "Riederer, Jana"]
[Result "1-0"]
[Termination "normal"]
[Board "10.3"]
[WhiteElo "800"]
[BlackElo "800"]
[WhiteTeam "Schule an der Carbäk Broderstorf"]
[BlackTeam "Albertus-Magnus-Schule Viernheim"]
[PlyCount "75"]
[EventCountry "GER"]
[EventRounds "7"]
[EventType "team-swiss"]
[EventDate "2012.05.03"]

1. e4 e5 2. Nf3 Nc6 3. Nc3 Nf6 4. Bc4 Bb4 5. Bb5 d6 6. d3 O-O 7. O-O Bxc3 8.
bxc3 h6 9. a4 a6 10. Bc4 d5 11. Bb3 b6 12. exd5 Nxd5 13. c4 Nc3 14. Qd2 Bb7 15.
Qxc3 Nd4 16. Nxd4 exd4 17. Qe1 Qf6 18. f3 Rfe8 19. Qg3 Re2 20. Rf2 Rae8 21. Rf1
R8e5 22. Bf4 Rf5 23. Bxc7 Re3 24. a5 g5 25. Rfe1 Bxf3 26. axb6 Qe6 27. Rf1 Bb7
28. c5 Rxc5 29. Bxe6 Rxc2 30. Bb3 Bxg2 31. Bxc2 Rxg3 32. Bxg3 Bxf1 33. Kxf1 Kg7
34. Rxa6 f6 35. h4 Kg6 36. b7 h5 37. b8=Q g4 38. Kg1 1-0

[Event "DSM WK M 2012"]
[Site "Karlsruhe GER"]
[Date "2012.05.06"]
[Round "7"]
[White "Seeger, Amelie"]
[Black "Esemann, Charlotte"]
[Result "1-0"]
[Termination "normal"]
[Board "10.4"]
[WhiteElo "800"]
[BlackElo "800"]
[WhiteTeam "Albertus-Magnus-Schule Viernheim"]
[BlackTeam "Schule an der Carbäk Broderstorf"]
[PlyCount "53"]
[EventCountry "GER"]
[EventRounds "7"]
[EventType "team-swiss"]
[EventDate "2012.05.03"]

1. e4 e5 2. Nf3 Nc6 3. Bc4 Na5 4. Nxe5 d6 5. Bb5+ c6 6. Be2 dxe5 7. O-O Nf6 8.
Nc3 b5 9. h3 Be7 10. d3 O-O 11. Bg5 Be6 12. a3 a6 13. b4 c5 14. bxa5 Nd7 15.
Bxe7 Qxe7 16. Bg4 Nb6 17. axb6 c4 18. Bxe6 fxe6 19. a4 Rfe8 20. axb5 axb5 21.
Rxa8 Rxa8 22. Nxb5 Qe8 23. dxc4 Ra6 24. Nc7 Qc8 25. Nxa6 Qxa6 26. c5 Kh8 27.
Qd8# 1-0